000 00345cam a2200145ua 4500
041 _aeng
_h
082 _a824
_bMAN/DA
100 _aManghirmalani, .
245 _aDayaram gidumal /
_cManghirmalani.
_hTextual Documents
260 _a :
_bNavajivan karyalaya ,
_c1953.
300 _a46 ; .
504 _a
942 _cBK
999 _c4314
_d4314